00274nam a2200121Ia 4500008004100000100001800041245001200059260003700071300000700108650001300115942000700128999001700135190216s9999||||xx |||||||||||||| ||und|| aGopakumar T N 0aKannaki bMathrubhumi Printing &publishing a91 aKathakal cBK c28970d28970